Stati affacciati sull'Oceano Indiano - Statistics

Statistiche generali
  • Questo quiz è stato fatto 42 volte
  • Il punteggio medio è 30 su 36
Statistiche sulle risposte
Continente Stato % Corretto
Asia India
100%
Asia Bangladesh
94%
Asia / Oceania Indonesia
94%
Africa Somalia
94%
Africa Madagascar
91%
Asia Maldive
91%
Asia Pakistan
91%
Asia Arabia Saudita
89%
Oceania Australia
89%
Asia Malaysia
89%
Asia Singapore
89%
Africa Sudafrica
89%
Africa Comore
86%
Africa Eritrea
86%
Asia Iran
86%
Asia Iraq
86%
Africa Kenya
86%
Africa Tanzania
86%
Asia Thailandia
86%
Asia Yemen
86%
Africa Mozambico
83%
Asia Oman
83%
Asia Qatar
83%
Asia Sri Lanka
83%
Africa Gibuti
80%
Asia Kuwait
80%
Asia Myanmar
80%
Africa Seychelles
80%
Asia Bahrein
77%
Asia Emirati Arabi Uniti
77%
Africa Mauritius
74%
Africa Egitto
69%
Africa Sudan
69%
Asia Timor Est
66%
Asia Giordania
46%
Asia Israele
46%
Nessun quiz corrispondente trovato
Distribuzione punteggi
Percentuale di utenti per punteggio
Percentile per numero di risposta
I tuoi punteggi nel tempo
Non hai fatto questo quiz